A concentrated course in traditional harmony, with emphasis on excercises and a minimum of rules

Saved in:
Bibliografiske detaljer
Hovedforfatter: Hindemith, Paul (Author)
Format: Bog
Sprog:engelsk
Udgivet: Mainz Schott 1968
Fag:
Tags: Tilføj Tag
Ingen Tags, Vær først til at tagge denne postø!

MARC

LEADER 00000nam a2200000 a 4500
001 UCN2615
003 CL-VaPUC
005 20231102151247.0
008 010531e19680000GW |||||||||||||||||eng|d
999 |c 295670  |d 295668 
040 |c Pontificia Universidad Católica de Valparaíso 
082 0 4 |a 781.25 HIN 1968  |2 21 
100 0 |a Hindemith, Paul  |e author  |9 456920 
245 1 2 |a A concentrated course in traditional harmony, with emphasis on excercises and a minimum of rules 
260 |a Mainz  |b Schott  |c 1968 
300 |a v 
583 |a last modification  |c 20010531 00:00:00  |k Rodrigo Vera 
650 0 |a Armonía  |9 306328 
650 0 |a Elementos musicales  |9 306544 
650 0 |a Acordes  |9 456861 
650 0 |a Tonalidad  |2 CL-VaPUC  |9 456866 
650 0 |a Modulación  |2 CL-VaPUC  |9 363509 
942 |c BK  |2 ddc 
945 |d 20010531 00:00:00  |a crobeson 
952 |0 0  |1 0  |2 ddc  |4 0  |6 781_250000000000000_HIN_1968  |7 0  |8 A  |9 348968  |a BIBEDU  |b BIBEDU  |d 2019-11-20  |h v.1  |i 1184296  |o 781.25 HIN 1968  |p 1184296  |r 2023-01-12  |w 2019-11-20  |y BK  |k MUS